000 00331nam a2200145Ia 4500
100 _aShahani/ D.C.
650 _aElectrical Engineering
942 _cRB
654 _aTape Recorder Simplified
245 _aTape Recorder Simplified
260 _bDattsons
_aNagpur
_c1980
082 _a621.3
300 _a111
546 _aENGLISH
999 _c33896
_d33896